[Event "Match"]
[Site "www.echecsemail.com"]
[Date "2015.04.29"]
[Round "1"]
[White "Harrytheking"]
[Black "Mrmoto"]
[WhiteElo "1690"]
[BlackElo "1600"]
[Result "1-0"]
[Round "1"]
1.c4 c5
2.Nb1c3 Nb8c6
3.e3 g6
4.Ng1f3 d6
5.Bf1e2 Bf8g7
6.h3 Ng8f6
7.a3 a6
8.d3 e6
9.O-O O-O
10.b3 b5
11.Bc1b2 bxc4
12.bxc4 Ra8b8
13.Ra1b1 Qd8a5
14.Qd1c2 Nf6h5
15.Nc3e4 Bg7xb2
16.Rb1xb2 Rb8xb2
17.Qc2xb2 Qa5c7
18.Nf3g5 f5
19.Ne4g3 Nh5xg3
20.fxg3 Qc7e7
21.h4 h6
22.Ng5h3 Qe7b7
23.Qb2xb7 Bc8xb7
24.Nh3f4 Bb7c8
25.Nf4xg6 Rf8f7
26.h5 Kg7
27.Be2f3 Nc6e5
28.Ng6xe5 dxe5
29.a4 Kf6
30.g4 Kg5
31.Bf3d1 Rf7b7
32.d4 Rb7b4
33.dxc5 Rb4xc4
34.gxf5 exf5
35.Rf1f3 Rc4xc5
36.Rf3g3 Kf6
37.Rg3g6 Kf7
38.Rg6xh6 Rc5c1
39.Rh6d6 Kg7
40.Kf2 Rc1a1
41.Bd1b3 Ra1h1
42.Rd6g6 Kh8
43.Rg6g8 Kh7
44.Rg8xc8 Rh1xh5
45.a5 f4
46.exf4 exf4
47.Rc8c4 Rh5xa5
48.Rc4xf4 { resign }
1-0

[Event "Match"]
[Site "www.echecsemail.com"]
[Date "2015.04.29"]
[Round "1"]
[White "Genius9"]
[Black "Gaspard"]
[WhiteElo "1220"]
[BlackElo "1690"]
[Result "0-1"]
[Round "1"]
1.d4 d5
2.c4 e6
3.Nb1c3 Ng8f6
4.cxd5 exd5
5.Bc1g5 Bf8e7
6.e3 O-O
7.Ng1f3 Bc8g4
8.Bf1e2 Nf6e4
9.Bg5xe7 Ne4xc3
10.Be7xd8 Nc3xd1
11.Be2xd1 Rf8xd8
12.Bd1e2 Nb8d7
13.h3 Bg4f5
14.O-O b6
15.Be2b5 f6
16.Ra1c1 a6
17.Bb5c6 Ra8a7
18.Bc6xd5 Kf8
19.e4 Bf5g6
20.Rf1e1 c5
21.dxc5 Nd7xc5
22.Rc1d1 Nc5xe4
23.Bd5xe4 Rd8xd1
24.Re1xd1 Bg6xe4
25.Nf3d4 Kf7
26.f3 Be4d5
27.b3 Ra7d7
28.Nd4e2 Bd5e6
29.Rd1xd7 Be6xd7
30.Kf2 Ke6
31.Ke3 Ke5
32.Ne2d4 g5
33.a3 f5
34.g4 h5
35.gxh5 f4
36.Kd3 Bd7xh3
37.h6 Kf6
38.Ke4 Kg6
39.b4 b5
40.Nd4b3 Kxh6
41.Nb3c5 Bh3c8
42.a4 Kh5
43.axb5 axb5
44.Nc5b3 Kh4
45.Nb3d4 Bc8d7
46.Kd5 g4
47.fxg4 Kxg4
{ resign }
0-1

[Event "Match"]
[Site "www.echecsemail.com"]
[Date "2015.04.29"]
[Round "1"]
[White "Generalfree"]
[Black "Pariolinius"]
[WhiteElo "1820"]
[BlackElo "1880"]
[Result "0-1"]
[Round "1"]
1.e4 e6
2.Ng1f3 c5
3.d4 cxd4
4.Qd1xd4 Nb8c6
5.Qd4e3 a6
6.Bc1d2 Bf8d6
7.a3 Nc6e5
8.Nf3xe5 Bd6xe5
9.Bd2c3 d6
10.Bc3xe5 dxe5
11.Nb1d2 Ng8f6
12.Qe3g5 O-O
13.Qg5xe5 Bc8d7
14.h3 Ra8c8
15.O-O-O Qd8b6
16.f3 Rc8c5
17.Nd2c4 Rc5xe5
18.Nc4xb6 Bd7b5
19.Bf1xb5 Re5xb5
20.Nb6c4 Rb5c5
21.Nc4d6 b5
22.b4 Rc5c3
23.Kb2 Rc3c6
24.e5 Nf6d5
25.Rh1e1 Nd5c3
26.Rd1d3 Nc3a4
27.Kb3 g6
28.Nd6e4 Rf8c8
29.Re1c1 Na4b6
30.Ne4c5 Nb6d5
31.g3 Kg7
32.f4 h5
33.h4 Kf8
34.c4 bxc4
35.Rc1xc4 Ke7
36.a4 Nd5b6
37.Rc4d4 Nb6d5
38.a5 Rc8b8
39.Kc4 Rb8xb4
{ resign }
0-1

[Event "Match"]
[Site "www.echecsemail.com"]
[Date "2015.04.29"]
[Round "1"]
[White "Caspito"]
[Black "Kesalon"]
[WhiteElo "1800"]
[BlackElo "1970"]
[Result "0-1"]
[Round "1"]
1.e4 c5
2.c3 d6
3.b4 cxb4
4.Bf1b5 Bc8d7
5.Bb5xd7 Qd8xd7
6.c4 Nb8c6
7.Bc1b2 Ng8f6
8.Qd1f3 e5
9.Ng1e2 Bf8e7
10.O-O O-O
11.d4 exd4
12.Ne2xd4 Nc6e5
13.Qf3b3 Nf6xe4
14.Qb3xb4 Ne5d3
15.Qb4a5 Nd3xb2
16.Nb1a3 Be7f6
17.Na3c2 Nb2xc4
18.Qa5h5 Rf8e8
19.Ra1d1 Ra8c8
20.Rd1d3 Qd7a4
21.Rd3h3 h6
22.Qh5g4 Ne4g5
23.Rh3h4 Nc4e5
24.Qg4h5 Rc8xc2
25.Nd4f5 Ng5f3
26.gxf3 Bf6xh4
27.Nf5xh6 gxh6
28.Qh5xh6 Ne5g6
{ resign }
0-1

[Event "Match"]
[Site "www.echecsemail.com"]
[Date "2015.04.29"]
[Round "1"]
[White "Reanna"]
[Black "Dany2005"]
[WhiteElo "1690"]
[BlackElo "999"]
[Result "0-1"]
[Round "1"]
1.c4 e5
2.e4 Ng8f6
3.Nb1c3 Nb8c6
4.Bf1d3 d6
5.Ng1f3 Bf8e7
6.O-O O-O
7.Nc3d5 Bc8g4
8.Nd5xf6 Be7xf6
9.a3 Nc6d4
10.Bd3e2 Nd4xe2
11.Qd1xe2 Rf8e8
12.d3 Qd8d7
13.Bc1e3 a6
14.h3 Bg4xf3
15.Qe2xf3 c5
16.b4 b6
17.b5 axb5
18.Rf1b1 bxc4
19.dxc4 Ra8a6
20.Rb1b3 Qd7e7
21.a4 Re8a8
22.g4 h6
23.Ra1a3 Bf6g5
24.Be3xg5 Qe7xg5
25.Qf3d3 Ra6xa4
26.Ra3xa4 Ra8xa4
27.Rb3xb6 Ra4a1
28.Rb6b1 Ra1xb1
29.Qd3xb1 Qg5d2
30.Qb1b8 Kh7
31.h4 Qd2d1
32.Kg2 Qd1xg4
33.Kf1 Qg4xe4
34.Qb8xd6 Qe4xc4
35.Kg2 Qc4xh4
36.Qd6xc5 Qh4g5
37.Kf1 Qg5f4
38.Qc5c2 e4
39.Ke2 Qf4f3
40.Ke1 g6
41.Qc2c4 h5
42.Qc4d5 h4
43.Qd5g5 h3
44.Qg5h4 Kg7
45.Qh4g5 Qf3c3
46.Kf1 h2
47.Qg5h4 Qc3c1
48.Kg2 h1Q
49.Qh4xh1 Qc1xh1
50.Kxh1 f5
51.Kg2 f4
52.Kh3 g5
53.Kg4 Kf6
54.f3 exf3
55.Kxf3 Kf5
56.Kg2 g4
57.Kf2 Ke4
58.Ke1 g3
59.Kf1 f3
60.Ke1 Ke3
61.Kf1 g2
{ resign }
0-1

[Event "Match"]
[Site "www.echecsemail.com"]
[Date "2015.04.29"]
[Round "1"]
[White "F14"]
[Black "Chapi"]
[WhiteElo "1830"]
[BlackElo "2000"]
[Result "0-1"]
[Round "1"]
1.e4 c5
2.Ng1f3 Nb8c6
3.Bf1e2 g6
4.O-O Bf8g7
5.c3 Ng8f6
6.d4 cxd4
7.cxd4 Nf6xe4
8.Nb1c3 Ne4d6
9.Bc1e3 Nd6f5
10.Qd1c2 O-O
11.Rf1d1 d5
12.a3 a6
13.Ra1c1 b5
14.Nc3xd5 Nc6xd4
15.Nd5xe7 Qd8xe7
16.Nf3xd4 Nf5xe3
17.fxe3 Qe7xe3
18.Kh1 Bg7xd4
19.Be2f3 Bc8f5
20.Qc2d2 Qe3xd2
21.Rd1xd2 Bd4e3
22.Rc1d1 Be3xd2
23.Rd1xd2 Ra8c8
24.h3 Rc8c2
{ resign }
0-1

[Event "1/128 Finale"]
[Site "www.chess-mail.com"]
[Date "2015.04.29"]
[Round "1"]
[White "Andradamaria"]
[Black "Inez"]
[WhiteElo "1809"]
[BlackElo "1270"]
[Result "1/2-1/2"]
[Round "1"]
1.e4 c6
2.d4 d5
3.Nb1c3 dxe4
4.Nc3xe4 Nb8d7
5.Qd1e2 Nd7f6
6.c3 Nf6xe4
7.Qe2xe4 Ng8f6
8.Qe4e5 Qd8d5
9.Ng1f3 Qd5xe5
10.Nf3xe5 Nf6d7
11.Ne5xd7 Bc8xd7
12.Bf1d3 e6
13.O-O Bf8d6
14.Bc1d2 O-O
15.Rf1e1 { draw }
1/2-1/2

[Event "Eq:CONFOEDERATIONIS HELVETICAE-Los Tercios : "]
[Site "www.chess-mail.com"]
[Date "2015.04.29"]
[Round "1"]
[White "Gorgo"]
[Black "Thurgau"]
[WhiteElo "2310"]
[BlackElo "2680"]
[Result "1/2-1/2"]
[Round "1"]
1.d4 Ng8f6
2.c4 e6
3.Ng1f3 d5
4.Nb1c3 c6
5.e3 Nb8d7
6.Qd1c2 Bf8d6
7.Bf1d3 O-O
8.O-O dxc4
9.Bd3xc4 a6
10.Rf1d1 b5
11.Bc4e2 Qd8c7
12.Nc3e4 Nf6xe4
13.Qc2xe4 e5
14.Qe4d3 exd4
15.Qd3xd4 Bd6e7
16.Qd4f4 Qc7xf4
17.exf4 Be7f6
18.Nf3d4 Bc8b7
19.Be2f3 Nd7b6
20.Nd4xc6 Bb7xc6
21.Bf3xc6 Ra8d8
22.Bc1e3 Nb6a4
23.Rd1xd8 Rf8xd8
24.Ra1e1 Bf6xb2
25.g3 f5
26.Kg2 Kf7
27.Bc6f3 Bb2f6
28.Re1c1 Na4c3
29.Bf3b7 Kg6
30.Bb7xa6 Rd8a8
31.Ba6b7 Ra8xa2
32.Bb7c6 b4
33.Bc6e8 Kh6
34.Be8f7 Ra2a5
35.Rc1c2 Ra5b5
36.Bf7b3 g6
37.h3 Kg7
38.Rc2d2 Rb5b7
39.Rd2d3 h5
40.f3 Bf6e7
41.Kf1 Nc3b5
42.Kf2 Rb7c7
43.Rd3d5 Nb5c3
44.Be3d4 Be7f6
45.Bd4xf6 Kxf6
46.Rd5d6 Kg7
47.Rd6b6 Rc7e7
48.Rb6xb4 Re7e2
49.Kf1 Re2b2
50.Rb4b7 Kf8
51.Bb3d5 Rb2c2
52.Rb7b8 Ke7
53.Bd5b3 Rc2b2
54.Rb8b7 Kf8
55.Bb3d5 Rb2xb7
56.Bd5xb7 h4
57.gxh4 Kg7
58.h5 gxh5
59.h4 { draw }
1/2-1/2

[Event "Fast Game"]
[Site "www.echecsemail.com"]
[Date "2015.04.29"]
[Round "1"]
[White "Sahl"]
[Black "Inez"]
[WhiteElo "1599"]
[BlackElo "1469"]
[Result "0-1"]
[Round "1"]
1.e4 e5
2.Ng1f3 Nb8c6
3.Bf1d3 Ng8f6
4.O-O Bf8e7
5.b3 Nf6xe4
6.Bd3xe4 d5
7.Be4d3 e4
8.Bd3e2 exf3
9.Be2xf3 Be7f6
10.c3 O-O
11.Bc1b2 Bc8f5
12.d4 a5
13.a4 Qd8d7
14.h3 Rf8e8
15.Nb1d2 Nc6d8
16.c4 c6
17.c5 Nd8e6
18.Nd2b1 Ne6xc5
19.g4 Bf5e4
20.Bb2a3 Be4xf3
21.Qd1xf3 Bf6xd4
 { time }
0-1

[Event "Tourn. n8080"]
[Site "www.chess-mail.com"]
[Date "2015.04.30"]
[Round "1"]
[White "Blackpool"]
[Black "Libiesse"]
[WhiteElo "1990"]
[BlackElo "1980"]
[Result "0-1"]
[Round "1"]
1.e4 c5
2.Ng1f3 e6
3.d4 cxd4
4.Nf3xd4 Nb8c6
5.Nb1c3 Qd8c7
6.Bc1e3 Ng8f6
7.a3 a6
8.Bf1e2 d6
9.Nd4xc6 bxc6
10.O-O Bf8e7
11.f4 O-O
12.Be2f3 Bc8b7
13.Qd1e2 Rf8d8
14.Qe2f2 Rd8d7
15.Nc3a4 c5
16.Na4c3 d5
17.exd5 exd5
18.Nc3e2 Ra8d8
19.c3 Nf6e4
20.Bf3xe4 dxe4
21.f5 f6
22.Ne2g3 Be7d6
23.Rf1e1 Bd6xg3
24.hxg3 Qc7e5
25.Re1e2 Rd7d3
26.g4 c4
27.Be3d4 Qe5g3
28.Qf2xg3 Rd3xg3
29.Kh2 Rg3xg4
 { time }
0-1

[Event "Tourn. n8116"]
[Site "www.chess-mail.com"]
[Date "2015.04.30"]
[Round "1"]
[White "Emmanuelasi"]
[Black "Neverless"]
[WhiteElo "2330"]
[BlackElo "2680"]
[Result "0-1"]
[Round "1"]
1.e4 c5
2.d4 cxd4
3.c3 dxc3
4.Nb1xc3 Nb8c6
5.Ng1f3 e6
6.Bc1f4 Bf8b4
7.Bf1c4 Ng8f6
8.e5 Nf6e4
9.Qd1d3 Bb4xc3
10.bxc3 Ne4c5
11.Qd3c2 b6
12.O-O Bc8b7
13.Rf1d1 Qd8c7
14.Rd1d6 Nc6e7
15.Ra1e1 Bb7xf3
16.gxf3 Ne7f5
17.Rd6d1 O-O
18.Bf4g3 Ra8c8
19.Bc4f1 Rf8d8
20.c4 Qc7c6
21.Bf1g2 Nc5a4
22.Re1e4 b5
23.Rd1c1 d5
24.exd6 Nf5xd6
25.Bg3xd6 Qc6xd6
26.Re4h4 g6
27.Bg2f1 Qd6c5
28.Bf1d3 Rd8xd3
{ resign }
0-1

[Event "Tourn. n6490"]
[Site "www.chess-mail.com"]
[Date "2015.04.30"]
[Round "1"]
[White "Madz123456"]
[Black "Graven29"]
[WhiteElo "1660"]
[BlackElo "1749"]
[Result "0-1"]
[Round "1"]
1.e4 c5
2.Ng1f3 Nb8c6
3.d4 cxd4
4.Nf3xd4 g6
5.c4 Bf8g7
6.Bc1e3 Ng8f6
7.Nb1c3 O-O
8.Bf1e2 d6
9.O-O Bc8d7
10.Qd1d2 Nf6g4
11.Be2xg4 Bd7xg4
12.h3 Bg4d7
13.Nd4xc6 Bd7xc6
 { time }
0-1

[Event "Tourn. n8139"]
[Site "www.chess-mail.com"]
[Date "2015.04.30"]
[Round "1"]
[White "Szustan"]
[Black "Cathar"]
[WhiteElo "2610"]
[BlackElo "2230"]
[Result "1-0"]
[Round "1"]
1.e4 e5
2.Nb1c3 Ng8f6
3.Ng1f3 Nb8c6
4.d4 exd4
5.Nc3d5 Nf6xe4
6.Qd1e2 f5
7.Nf3g5 d3
8.cxd3 Nc6d4
9.Qe2h5 g6
10.Qh5h4 c6
11.dxe4 cxd5
12.exd5 Bf8g7
13.Qh4g3 O-O
14.d6 Qd8a5
15.Kd1 b5
16.Bc1d2 Qa5a4
17.b3 Nd4xb3
18.Qg3xb3 Qa4xb3
19.axb3 Bg7xa1
20.Bf1xb5 Ra8b8
21.Bb5c4 Kg7
22.Rh1e1 Ba1f6
23.Re1e7 Bf6xe7
24.dxe7 Bc8b7
25.exf8Q Kxf8
26.Ng5xh7 Kg7
27.Nh7g5 d5
28.Bc4d3 d4
29.Ng5e6 Kf6
30.Bd3c4 Bb7xg2
31.Bd2g5 Kf7
32.Ne6f4 { resign }
1-0

[Event "Tourn. n8091"]
[Site "www.chess-mail.com"]
[Date "2015.04.30"]
[Round "1"]
[White "Difficult"]
[Black "Hali"]
[WhiteElo "2090"]
[BlackElo "2170"]
[Result "1-0"]
[Round "1"]
1.e4 c5
2.Ng1f3 Nb8c6
3.d4 cxd4
4.Nf3xd4 Ng8f6
5.Nb1c3 e5
6.Nd4xc6 bxc6
7.Bf1e2 Bf8b4
8.f3 Qd8b6
9.Bc1g5 Bc8b7
10.Qd1d3 O-O
11.Bg5e3 Qb6a5
12.Be3d2 d5
13.exd5 cxd5
14.a3 e4
15.Qd3b5 Bb4xc3
16.Bd2xc3 Qa5xb5
17.Be2xb5 exf3
18.gxf3 d4
19.Bc3xd4 Bb7xf3
20.Rh1g1 Nf6h5
21.Kf2 Rf8d8
22.c3 Ra8b8
23.a4 Bf3e4
24.b4 Be4g6
25.Ra1d1 Nh5f4
26.Rg1g3 Nf4e6
27.h4 Ne6xd4
28.Rd1xd4 Rd8xd4
29.cxd4 a6
30.Bb5xa6 Rb8xb4
31.Rg3c3 h6
32.Rc3c4 Rb4b3
33.Rc4c8 Kh7
34.Ba6b5 Rb3h3
35.a5 Rh3xh4
36.d5 Rh4d4
37.Bb5c6 Rd4c4
38.a6 Bg6e4
39.a7 { resign }
1-0

[Event "Tourn. n8135"]
[Site "www.chess-mail.com"]
[Date "2015.04.30"]
[Round "1"]
[White "T9l9"]
[Black "Tomasseeber"]
[WhiteElo "2209"]
[BlackElo "2240"]
[Result "1-0"]
[Round "1"]
1.d4 Ng8f6
2.c4 c5
3.d5 b5
4.cxb5 a6
5.bxa6 Bc8xa6
6.Nb1c3 d6
7.e4 Ba6xf1
8.Kxf1 g6
9.Ng1f3 Bf8g7
10.g3 O-O
11.Kg2 Nb8d7
12.Qd1e2 Nf6g4
13.Bc1f4 Ng4e5
14.Nf3xe5 Nd7xe5
15.Nc3b5 Qd8b6
16.a4 c4
17.Bf4xe5 Bg7xe5
18.Rh1c1 Rf8c8
19.Rc1xc4 Rc8xc4
20.Qe2xc4 Be5xb2
21.Ra1a2 Bb2g7
22.Qc4c7 Qb6xc7
23.Nb5xc7 Ra8a5
24.Nc7b5 h5
25.h4 Kf8
26.Kf3 Bg7f6
27.Ke3 Ke8
28.Kd3 Kd7
29.Kc4 g5
{ time. }
1-0

[Event "Tourn. n8171"]
[Site "www.chess-mail.com"]
[Date "2015.04.30"]
[Round "1"]
[White "Thurgau"]
[Black "Jaroslavpech"]
[WhiteElo "2700"]
[BlackElo "2390"]
[Result "1-0"]
[Round "1"]
1.e4 c6
2.d4 d5
3.Nb1c3 dxe4
4.Nc3xe4 Bc8f5
5.Ne4g3 Bf5g6
6.h4 h6
7.Ng1f3 Nb8d7
8.h5 Bg6h7
{ time. }
1-0

[Event "Tourn. n8168"]
[Site "www.chess-mail.com"]
[Date "2015.04.30"]
[Round "1"]
[White "Xkafi"]
[Black "Blackpool"]
[WhiteElo "1950"]
[BlackElo "1890"]
[Result "1-0"]
[Round "1"]
1.e4 e5
2.Qd1h5 Nb8c6
3.Bf1b5 Ng8f6
4.Qh5f3 Nc6d4
5.Qf3d3 a6
6.Bb5c4 Bf8e7
7.Ng1f3 Nd4xf3
8.Qd3xf3 O-O
9.d3 d6
10.h3 Bc8e6
11.Bc4b3 Qd8d7
12.Qf3g3 Kh8
13.Nb1c3 c5
14.a3 b5
15.f4 exf4
16.Bc1xf4  { time }
1-0

[Event "Tourn. n8188"]
[Site "www.chess-mail.com"]
[Date "2015.04.30"]
[Round "1"]
[White "Yangqi"]
[Black "Hali"]
[WhiteElo "2190"]
[BlackElo "2190"]
[Result "1-0"]
[Round "1"]
1.e4 c5
2.d4 cxd4
3.c3 d5
4.exd5 Qd8xd5
5.cxd4 Nb8c6
6.Ng1f3 e6
7.Nb1c3 Qd5d8
8.Bf1c4 Ng8f6
9.O-O Bf8e7
10.Bc1g5 O-O
11.Rf1e1 Nf6d5
12.Bg5xe7 Nc6xe7
13.Ra1c1 b6
14.Nf3e5 Bc8b7
15.Bc4b3 Nd5f4
16.f3 Ne7f5
17.g3 Qd8g5
18.Rc1c2 Nf5xg3
19.hxg3 Qg5xg3
20.Kh1 f6
21.Re1g1 Qg3h3
22.Rc2h2 fxe5
23.Rh2xh3 Nf4xh3
24.Bb3xe6 Kh8
25.Rg1f1 Rf8xf3
26.d5 Nh3f2
27.Rf1xf2 Rf3xf2
28.Nc3e4 Rf2xb2
29.Ne4d6 Bb7a6
30.Nd6f7 { resign }
1-0

[Event "Tourn. n7972"]
[Site "www.chess-mail.com"]
[Date "2015.04.30"]
[Round "1"]
[White "Falcoale"]
[Black "Geretree"]
[WhiteElo "1860"]
[BlackElo "1880"]
[Result "1-0"]
[Round "1"]
1.e4 e5
2.Ng1f3 Nb8c6
3.b3 Ng8f6
4.d3 h6
5.Bc1b2 Bf8b4
6.c3 Bb4a5
7.Nb1d2 d5
8.exd5 Qd8xd5
9.Qd1e2 Bc8g4
10.h3 Bg4xf3
11.Nd2xf3 O-O-O
12.O-O-O Rh8e8
13.Qe2c2 e4
14.dxe4 Qd5xe4
15.Bf1d3 Qe4f4
16.Kb1 Ba5b6
17.Bb2c1 Nc6d4
18.Bc1xf4 Nd4xc2
19.Kxc2 Bb6xf2
20.Rh1f1 Nf6d5
21.Bf4d2 Bf2g3
22.Nf3d4 c5
23.Nd4f5 Bg3e5
24.g4 Be5f6
25.Rf1e1 Re8h8
26.c4 g6
27.Nf5g3 Bf6h4
28.Re1g1 Rh8e8
29.cxd5 Rd8xd5
30.Ng3e2 Re8d8
31.Bd3c4 Rd5d7
32.Rg1g2 a6
33.Ne2f4 Bh4g5
34.Nf4d5 Kb8
35.Bd2xg5 hxg5
36.Rg2d2 b5
37.Bc4f1 Kb7
38.Bf1g2 Ka7
39.Nd5f6 Rd7xd2
40.Rd1xd2 Rd8b8
41.Rd2d7 Kb6
42.Rd7xf7 Rb8d8
43.Nf6d7 Ka5
44.Kb2 Rd8c8
45.Nd7e5 Rc8e8
46.Ne5c6 Kb6
47.Nc6e7 c4
48.bxc4 bxc4
49.Ne7d5 Kc5
50.Bg2f3 Re8b8
51.Kc3 Rb8c8
52.Rf7c7 Rc8xc7
53.Nd5xc7 a5
54.Nc7e6 { resign }
1-0

[Event "Tourn. n8040"]
[Site "www.chess-mail.com"]
[Date "2015.04.30"]
[Round "1"]
[White "Badplayer"]
[Black "Sontuozio"]
[WhiteElo "2250"]
[BlackElo "2160"]
[Result "1/2-1/2"]
[Round "1"]
1.e4 e6
2.d4 d5
3.exd5 exd5
4.Ng1f3 Ng8e7
5.Bf1e2 Bc8f5
6.O-O Qd8d7
7.a4 Nb8c6
8.Be2b5 a6
9.Bb5d3 Bf5xd3
10.Qd1xd3 Ne7g6
11.c3 Bf8e7
12.Rf1e1 O-O
13.Nb1d2 Ng6f4
14.Qd3f1 Be7d6
15.b3 Qd7g4
16.g3 Rf8e8
17.Bc1b2 Nc6e7
18.Bb2a3 Bd6xa3
19.Ra1xa3 Ne7g6
20.Ra3a1 Nf4h3
21.Kh1 c6
22.Re1xe8 Ra8xe8
23.Ra1e1 Re8xe1
24.Qf1xe1 Kf8
25.Qe1e3 h6
26.c4 Qg4f5
27.Kg2 Nh3g5
28.Nf3xg5 Qf5xg5
29.Qe3xg5 hxg5
30.h3 f5
31.cxd5 cxd5
32.Nd2f3 g4
33.hxg4 fxg4
34.Nf3h2 Ng6e7
35.Nh2xg4 Ne7f5
36.Ng4e3 Nf5xd4
37.b4 Ke7
38.Ne3xd5 Kd6
39.Nd5c3 b5
40.axb5 axb5
41.f4 Kc6
42.Kf2 Nd4c2
43.Nc3a2 Kd5
44.Na2c3 Kc4
45.Nc3xb5 Kxb5
46.Kf3 Nc2xb4
47.Kg4 Nb4d5
48.Kg5 Nd5e7
49.f5 Kc6
50.f6 gxf6
51.Kxf6 Kd6
{ draw }
1/2-1/2

[Event "Tourn. n8158"]
[Site "www.chess-mail.com"]
[Date "2015.04.30"]
[Round "1"]
[White "Gandalf"]
[Black "Duff"]
[WhiteElo "1600"]
[BlackElo "1850"]
[Result "1/2-1/2"]
[Round "1"]
1.d4 Ng8f6
2.c4 e6
3.Ng1f3 b6
4.Nb1c3 Bc8b7
5.a3 Bf8e7
6.Bc1g5 d5
7.e3 O-O
8.Bf1d3 Nb8d7
9.O-O c5
10.cxd5 Nf6xd5
11.Bg5xe7 Qd8xe7
12.Ra1c1 Ra8c8
13.Nc3xd5 Bb7xd5
14.e4 Bd5b7
15.dxc5 Nd7xc5
16.Qd1e2 Nc5xd3
17.Qe2xd3 h6
18.Rf1d1 Rc8xc1
19.Rd1xc1 { draw }
1/2-1/2

[Event "Tourn. n8076"]
[Site "www.chess-mail.com"]
[Date "2015.04.30"]
[Round "1"]
[White "Vite"]
[Black "Cardiff"]
[WhiteElo "1990"]
[BlackElo "1960"]
[Result "1-0"]
[Round "1"]
1.e4 e5
2.Ng1f3 Nb8c6
3.Bf1b5 a6
4.Bb5a4 Ng8f6
5.O-O Nf6xe4
6.Rf1e1 Ne4c5
7.Ba4xc6 dxc6
8.Nf3xe5 Bf8e7
9.d4 Nc5e6
10.c3 O-O
11.Nb1d2 Be7f6
12.Nd2f3 Rf8e8
13.Ne5g4 Bc8d7
14.Qd1d3 Ne6f8
15.Re1xe8 Bd7xe8
16.Bc1f4 Nf8g6
17.Bf4g3 Be8d7
18.Ng4xf6 gxf6
19.Ra1e1 Bd7e6
20.a3 Qd8d7
21.Nf3d2 f5
22.Nd2f3 Ra8d8
23.Nf3e5 Qd7d5
24.Ne5xg6 hxg6
25.Bg3e5 f6
26.Be5xf6 Rd8f8
27.Bf6e5 Rf8f7
28.Qd3h3 Rf7h7
29.Qh3g3 Be6f7
30.Be5xc7 Kg7
31.Qg3e5 Qd5xe5
32.Re1xe5 Bf7d5
33.Re5e7 Kg8
34.Re7xh7 Kxh7
35.f4 Kg7
36.Kf2 Kf7
37.h3 Bd5c4
38.Ke3 Bc4d5
39.g4 fxg4
40.hxg4 Ke6
41.Bc7e5 { resign }
1-0

[Event "Tourn. n8121"]
[Site "www.chess-mail.com"]
[Date "2015.04.30"]
[Round "1"]
[White "Fred"]
[Black "Blackpool"]
[WhiteElo "2060"]
[BlackElo "1960"]
[Result "1-0"]
[Round "1"]
1.e4 e5
2.f4 Bf8c5
3.Ng1f3 d6
4.Bf1c4 Ng8f6
5.d3 Nb8c6
6.c3 a6
7.h3 O-O
8.Qd1e2 exf4
9.Bc1xf4 d5
10.d4 Nc6xd4
11.cxd4 Bc5b4
12.Bf4d2 Bb4xd2
13.Nb1xd2 dxc4
14.Nd2xc4 Rf8e8
15.e5 Nf6d5
16.O-O Bc8e6
17.Nc4e3 Nd5xe3
18.Qe2xe3 h6
19.Ra1c1 c6
20.a3 Be6d5
21.Qe3f4 Qd8d7
22.Nf3h4 Bd5e6
23.Rc1c3 Ra8d8
24.Nh4f5 Be6xf5
25.Qf4xf5 Qd7xf5
26.Rf1xf5 Rd8xd4
27.Rc3f3 Re8e7
28.e6 fxe6
29.Rf5f8 Kh7
30.Rf8f7 Re7xf7
31.Rf3xf7  { time }
1-0

[Event "Match"]
[Site "www.echecsemail.com"]
[Date "2015.04.30"]
[Round "1"]
[White "Pinehill"]
[Black "Wagner"]
[WhiteElo "1840"]
[BlackElo "1670"]
[Result "1-0"]
[Round "1"]
1.e4 e5
2.d4 Nb8c6
3.d5 Nc6b8
4.Ng1f3 d6
5.Bc1e3 a6
6.c4 h6
7.Bf1e2 Bc8d7
8.Nb1d2 c6
9.O-O Ng8f6
10.Qd1c2 Qd8c8
11.Nf3e1 g5
12.a3 c5
13.b4 b6
14.g3 g4
15.b5 axb5
16.cxb5 Ra8a4
17.Qc2xa4 h5
18.Qa4a7 Qc8d8
19.a4 h4
20.Ne1c2 hxg3
21.fxg3 Bf8g7
22.Be3g5 O-O
23.Nd2c4 Rf8e8
24.Nc4xd6 Re8e7
25.Nd6c4 Bd7f5
26.Rf1xf5 Re7xa7
27.Be2xg4 Nb8d7
28.Nc4xe5 Qd8e8
29.Bg5xf6 Bg7xf6
30.Ne5xd7 Ra7xd7
31.Rf5xf6 Rd7d8
32.Bg4f5 Qe8e5
33.Ra1f1 Qe5b2
34.Nc2e3 Qb2xf6
35.Bf5h7 Kg7
36.Rf1xf6 Kxf6
37.Ne3c4 Rd8h8
38.Bh7f5 Rh8b8
39.h4 { resign }
1-0

[Event "Match"]
[Site "www.echecsemail.com"]
[Date "2015.04.30"]
[Round "1"]
[White "Gilliere"]
[Black "Ztornad"]
[WhiteElo "1830"]
[BlackElo "1740"]
[Result "1-0"]
[Round "1"]
1.e4 e5
2.Ng1f3 d6
3.d4 Ng8f6
4.dxe5 Nf6xe4
5.exd6 Qd8xd6
6.Qd1e2 f5
7.Nf3g5 Qd6e7
8.Ng5xe4 Qe7xe4
9.Qe2xe4 fxe4
10.Nb1c3 Bc8f5
11.Bc1f4 Bf8d6
12.Bf4xd6 cxd6
13.Bf1b5 Bf5d7
14.Bb5xd7 Nb8xd7
15.Nc3xe4 d5
16.Ne4d6 Kf8
17.O-O-O Nd7f6
18.Nd6xb7 Ra8b8
19.Nb7c5 Kf7
20.f3 Rh8d8
21.b3 d4
22.Nc5d3 a5
23.Nd3e5 Kg8
24.Ne5c6 Rd8c8
25.Nc6xb8 Rc8xb8
26.Rd1xd4 Rb8e8
27.Kd1 h6
28.Rh1e1 Re8c8
29.Re1e7 Kh7
30.g4 Kg6
31.h4 h5
32.g5 Nf6g8
33.Re7e6 Kh7
34.f4 Rc8c7
35.g6 Kh6
36.Rd4d8 Ng8f6
37.Rd8h8 Kxg6
38.c4 a4
39.Kc2 Kf5
40.Re6a6 Kxf4
41.Ra6xa4 Kg3
42.Rh8d8 Kxh4
43.c5 Kg5
44.b4 h4
45.Rd8d3 Kh6
46.Ra4a6 Rc7e7
47.Ra6d6 Re7e2
48.Kb3 Re2g2
49.a4 Rg2f2
50.c6 g6
51.c7 Nf6e4
52.c8Q Ne4xd6
53.Qc8h8 Kg5
54.Rd3xd6 Rf2f3
55.Kc4 Rf3f4
56.Rd6d4 Rf4xd4
57.Kxd4 Kg4
58.a5 h3
59.a6 Kg3
60.a7 h2
61.a8Q g5
62.Qa8a3 Kg2
63.Qh8h3 Kf2
64.Qh3xh2 { resign }
1-0

[Event "Match"]
[Site "www.echecsemail.com"]
[Date "2015.04.30"]
[Round "1"]
[White "Ztornad"]
[Black "Guidom"]
[WhiteElo "1740"]
[BlackElo "2020"]
[Result "0-1"]
[Round "1"]
1.e4 e5
2.d4 exd4
3.Qd1xd4 Qd8f6
4.Qd4xf6 Ng8xf6
5.e5 Nf6d5
6.Ng1f3 Nb8c6
7.Bf1c4 Nd5b6
8.Bc4d3 d6
9.exd6 Bf8xd6
10.O-O O-O
11.a3 Bc8g4
12.Nb1d2 Ra8d8
13.h3 Bg4h5
14.Nd2e4 Nb6d5
15.Bd3c4 Nd5b6
16.Bc4b3 Bh5xf3
17.gxf3 Nc6d4
18.Bc1g5 Nd4xf3
19.Kg2 Nf3xg5
20.Ne4c3 Bd6e5
21.Ra1d1 Be5xc3
22.Rd1xd8 Rf8xd8
23.bxc3 Ng5e4
24.c4 c5
25.Rf1e1 Ne4d2
26.Re1e7 Nd2xc4
27.Re7xb7 Rd8a8
28.a4 Nc4d6
29.Rb7e7 c4
30.Bb3a2 Kf8
31.Re7e3 Nb6xa4
32.Re3g3 Na4c5
33.Rg3g4 c3
34.Ba2d5 Ra8c8
35.Bd5a2 f5
36.Rg4b4 Nc5e4
37.f3 Ne4d2
38.Rb4d4 Nd6c4
39.Rd4d7 a5
40.Rd7d5 g6
41.h4 Nc4e3
42.Kf2 Ne3xd5
43.Ba2xd5 Rc8e8
44.Bd5c6 Re8e5
45.f4 Re5e6
46.Bc6b5 Re6e4
47.Kg3 a4
48.Bb5c6 a3
49.Bc6d5 Re4e7
50.Kf2 Kg7
51.Bd5a2 Kh6
52.Kg3 Kh5
53.Ba2d5 Re7e3
54.Kf2 Re3h3
55.Bd5g8 Kxh4
56.Bg8xh7 a2
57.Bh7xg6 a1Q
58.Bg6xf5 Qa1f1
{ resign }
0-1

[Event "Match"]
[Site "www.echecsemail.com"]
[Date "2015.04.30"]
[Round "1"]
[White "Coraza"]
[Black "Billyg"]
[WhiteElo "1649"]
[BlackElo "1620"]
[Result "1-0"]
[Round "1"]
1.e4 e6
2.Ng1f3 Qd8e7
3.d4 d6
4.Bf1b5 c6
5.Bb5a4 b5
6.Ba4b3 d5
7.e5 h6
8.O-O g5
9.Qd1d3 Bc8a6
10.Qd3d2 f6
11.Rf1e1 f5
12.a4 { resign }
1-0

[Event "Match"]
[Site "www.echecsemail.com"]
[Date "2015.04.30"]
[Round "1"]
[White "Generalfree"]
[Black "Ketchuplover"]
[WhiteElo "1890"]
[BlackElo "1940"]
[Result "1-0"]
[Round "1"]
1.e4 c5
2.Nb1c3 Nb8c6
3.Bf1c4 e6
4.f4 b6
5.a3 Bc8b7
6.d3 g6
7.g3 Nc6d4
8.Ng1f3 Bf8g7
9.Bc1e3 Nd4xf3
10.Qd1xf3 f5
11.Be3d2 Ng8e7
12.O-O-O Ne7c6
13.e5 Nc6a5
14.Bc4d5 Bb7xd5
15.Nc3xd5 exd5
16.Qf3xd5 Na5c6
17.e6 Nc6e7
18.exd7 Kf8
19.Qd5d6 h5
20.Rh1e1 Rh8h6
21.Re1e6 Kf7
22.Rd1e1 Bg7f8
23.Re6f6 { resign }
1-0

[Event "Match"]
[Site "www.echecsemail.com"]
[Date "2015.04.30"]
[Round "1"]
[White "Ranjachess"]
[Black "Rindrandria"]
[WhiteElo "1730"]
[BlackElo "1530"]
[Result "0-1"]
[Round "1"]
1.d4 b5
2.d5 f5
3.Qd1d3 a6
4.Qd3xf5 d6
5.Qf5d3 Bc8b7
6.e4 c6
7.Bc1f4 Qd8a5
8.Nb1d2 c5
9.Qd3a3 Qa5b6
10.e5 dxe5
11.Bf4xe5 Bb7xd5
12.Be5xb8 Ra8xb8
13.Qa3d3 Rb8d8
14.Qd3e3 Qb6a5
15.a3 Bd5e4
16.c3 Be4b7
17.Qe3xc5 Rd8d5
18.Qc5b4 Qa5b6
19.Ng1f3 e5
20.c4 Bf8xb4
21.cxd5 Bb4c5
22.Nd2e4 Bb7xd5
23.Bf1d3 Qb6a5
24.b4 Bc5xb4
25.Ke2 Bb4c3
26.Ra1c1 Bd5xe4
27.Bd3xe4 Ng8f6
28.Nf3xe5 Nf6xe4
29.f3 Ne4d6
30.Rh1d1 Qa5xa3
31.Rc1c2 Bc3xe5
32.Kf1 Be5xh2
33.Rc2e2 Kd7
34.Kf2 Qa3c5
35.Kf1 Qc5g1

0-1

[Event "Match"]
[Site "www.echecsemail.com"]
[Date "2015.04.30"]
[Round "1"]
[White "Jafarhayder"]
[Black "Reanna"]
[WhiteElo "1250"]
[BlackElo "1620"]
[Result "1-0"]
[Round "1"]
1.d4 d5
2.c4 dxc4
3.e3 Bc8e6
4.Nb1c3 Ng8f6
5.Ng1f3 Nf6d5
6.e4 Nd5xc3
7.bxc3 f6
8.d5 Be6g4
9.Bf1xc4 Nb8d7
10.Bc1a3 e6
11.Ba3xf8 Nd7xf8
12.Bc4e2 Nf8g6
13.h3 Bg4xf3
14.Be2xf3 O-O
15.O-O Qd8e7
16.Qd1b3 b6
17.dxe6 Ng6e5
18.Bf3e2 c5
19.f4 Ne5g6
20.Ra1d1 Rf8e8
21.Be2c4 h5
22.Rd1d7 Qe7f8
23.e7 Kh7
24.exf8Q Ng6xf8
25.Rd7d2 Re8xe4
26.Bc4d5 Re4e3
27.Bd5xa8 { resign }
1-0